000 00620nam a22002057a 4500
999 _c129933
_d129933
008 191016b ||||| |||| 00| 0 eng d
020 _a0195216016
050 _aHC79.P6
_bC345 2000
100 _aNarayan, Deepa
_948388
245 _aCan anyone hear us?
_bvoices of the poor
_cDeepa Narayan, et al...
260 _aOxford
_bOxford University Press
_c2000
300 _ax, 341p. ;
_c23cm.
650 _aPoverty
_95312
650 _aPoor
_948389
700 _aRaj Patel
_948390
700 _aKai Schafft
_948391
700 _aAnne Rademacher
_948392
700 _aSarah Koch-Schulte
_948393
942 _2lcc
_cMONOGRAPH